| 000 | 01216cam a2200337 a 4500 | ||
|---|---|---|---|
| 003 | CHAP | ||
| 005 | 20220329142932.0 | ||
| 008 | 050316d2002 mx r 10100 spa d | ||
| 010 | _a89833 | ||
| 011 | _a90805 | ||
| 035 | _a101362 | ||
| 040 | _cCHAP | ||
| 082 | 0 | 4 |
_a631.5 _bI55 2004 |
| 111 | 0 | 0 |
_aInternational Symposium on Silvopastoral Sysstems _n(2 : _d2004 : _cMérida, Yucatán) _960002 |
| 245 | 1 | 4 |
_aThe importance of silvopastoral system in rural livelihoods to provide ecosystem services : _bproceedings _c/ed. by L't Mannetje (and others) |
| 260 |
_aMérida, Yuc. : _bUniversidad Autónoma de Yucatán, _c2004. |
||
| 300 | _a346 p. | ||
| 590 |
_aBATCH-UPD _b10 _c20130110 _lUCH01 _h0714 |
||
| 590 |
_aBATCH-UPD _b10 _c20130110 _lUCH01 _h2340 |
||
| 590 |
_aBATCH-UPD _b10 _c20130410 _lUCH01 _h0359 |
||
| 590 |
_aBATCH-UPD _b10 _c20130914 _lUCH01 _h0629 |
||
| 590 |
_aCONVERSION _b10 _c20130109 _lUCH01 _h1350 |
||
| 650 | 1 | 4 |
_aBiodiversidad. _912724 |
| 650 | 1 | 4 |
_aEcosistema. _935290 |
| 650 | 1 | 4 |
_aSistemas agrosilvopascícolas. _9106737 |
| 700 | 0 |
_aMannetje, Len't. _970518 |
|
| 901 | _aBK | ||
| 905 | _aLilia | ||
| 942 | _cLIBRO | ||
| 949 |
_a631.5 I55 2004 _bBC _cLIBRO _d33724000953196 _eLIBRO _h105194 _i101362 _sb |
||
| 999 |
_c89833 _d89833 |
||